| 000 | 00574nam a22002057a 4500 | ||
|---|---|---|---|
| 003 | OSt | ||
| 005 | 20161020143623.0 | ||
| 008 | 161020b xxu||||| |||| 00| 0 eng d | ||
| 020 | _a99923-0-006-X (vol.22) | ||
| 040 | _cCRI | ||
| 082 | _aSv861 | ||
| 100 | 1 |
_940203 _aContreras, Raúl |
|
| 245 |
_aVersos del ayer _cRaúl Contreras |
||
| 250 | _a1a ed. | ||
| 260 |
_aSan Salvador _bCONCULTURA _c1998 |
||
| 300 |
_a171 p. _c21 cm. |
||
| 490 |
_aBiblioteca Básica de Literatura Salvadoreña _v22 |
||
| 650 | 0 |
_921923 _aPoesía salvadoreña |
|
| 942 |
_2ddc _cBK _hprozim |
||
| 999 |
_c26315 _d26315 |
||